000 00550nam a2200229Ia 4500
003 OSt
005 20220924142551.0
006 a|||||r|||| 00| 0
007 ta
008 ASM
024 _a302386
037 _cTextual
040 _aARTS
_cARTS
_bASM
041 _2ASM
_aASM
082 _aO158,3NPA1,1, M4
100 _aParadeshee
_9213617
245 0 _aDaponato china ki mukh
260 _c1984
650 _aASSAMESE LITERATURE
_911738
942 _hO158,3NPA1,1, M4
_cTEXL
_2CC
999 _c451107
_d451107